000 00655nam a2200217 i 4500
001 18124
003 ES-MaACL
005 20230906151749.0
007 t|
008 010823s2001 sp ||||1| spa d
020 _a84-666-0270-4
080 _a929 James, P.D.
100 1 _aJames, P. D. (
_d1920-2014)
_9160194
245 1 3 _aLa hora de la verdad /
_cP.D. James ; traducción de Victoria Simó.
250 _a1ª ed.
260 _aBarcelona :
_bEdiciones B,
_c2001.
300 _a347 p. :
_b[16] p. de fot. ;
_c24 cm.
600 1 4 _aJames, P. D. (
_d1920-2014)
_9160194
700 1 _aSimó, Victoria.
_9106496
852 _aES-MaACL
_jL-24869
_bR.130150
999 _c18124
_d18124